000
00341 a2200157 4500
001
59772
020
_a
9783570126790
040
_c
Anchieta - Pituba
100
_a
Brashares, Ann
240
1
0
_a
Eine für vier
_l
por
245
1
0
_a
Eine für vier
300
_a
320
362
0
_a
2002
650
4
_a
Literatura juvenil em alemão
942
_c
BK
999
_c
59772
_d
59772